Financial Planning and Financial Instruments: 2013 in Review, 2014 in Prospect (Record no. 311437)
[ view plain ]
| 000 -LEADER | |
|---|---|
| fixed length control field | 00407nam a2200133Ia 4500 |
| 008 - FIXED-LENGTH DATA ELEMENTS--GENERAL INFORMATION | |
| fixed length control field | 170221s9999 xx 000 0 und d |
| 100 ## - MAIN ENTRY--PERSONAL NAME | |
| Personal name | Mark Brimble |
| 245 ## - TITLE STATEMENT | |
| Title | Financial Planning and Financial Instruments: 2013 in Review, 2014 in Prospect |
| 245 ## - TITLE STATEMENT | |
| Statement of responsibility, etc | Mark Brimble and Ciorstan Smark |
| 260 ## - PUBLICATION, DISTRIBUTION, ETC. (IMPRINT) | |
| Date of publication, distribution, etc | 2016 |
| 300 ## - PHYSICAL DESCRIPTION | |
| Extent | 14 : 1 |
| 650 ## - SUBJECT ADDED ENTRY--TOPICAL TERM | |
| General subdivision | Business |
| 856 ## - ELECTRONIC LOCATION AND ACCESS | |
| Uniform Resource Identifier | <a href="http://ro.uow.edu.au/aabfj/vol7/iss3/1/">http://ro.uow.edu.au/aabfj/vol7/iss3/1/</a> |
| Withdrawn status | Lost status | Damaged status | Home library | Current library | Date acquired | Total Checkouts | Date last seen | Price effective from | Koha item type |
|---|---|---|---|---|---|---|---|---|---|
| College Library | College Library | 02/21/2017 | 02/21/2017 | 02/21/2017 | Foreign e-journal articles |